Tarikhul Khulafa : / تاريخ الخلفاء (Record no. 26533)

MARC details
000 -LEADER
fixed length control field 00544nam a22001817a 4500
003 - CONTROL NUMBER IDENTIFIER
control field BDDh-ASL
005 - DATE AND TIME OF LATEST TRANSACTION
control field 20231015030644.0
008 - FIXED-LENGTH DATA ELEMENTS--GENERAL INFORMATION
fixed length control field 211013s1963 p ||||| |||| 00| 0 u d
040 ## - CATALOGING SOURCE
Original cataloging agency BDDh-ASL
Transcribing agency BDDh-ASL
082 ## - DEWEY DECIMAL CLASSIFICATION NUMBER
Classification number 297.0902
Item number TAR
100 1# - MAIN ENTRY--PERSONAL NAME
9 (RLIN) 4968
Personal name Suyuti, Jalaluddin
245 10 - TITLE STATEMENT
Title Tarikhul Khulafa : / تاريخ الخلفاء
260 ## - PUBLICATION, DISTRIBUTION, ETC.
Place of publication, distribution, etc. Karachi :
Name of publisher, distributor, etc. Nafees Academy ,
Date of publication, distribution, etc. 1963.
300 ## - PHYSICAL DESCRIPTION
Extent 520 p. :
Dimensions 25 cm.
650 #0 - SUBJECT ADDED ENTRY--TOPICAL TERM
Topical term or geographic name entry element Caliphate
General subdivision Islam
-- Khilafat
-- History
9 (RLIN) 4819
700 1# - ADDED ENTRY--PERSONAL NAME
9 (RLIN) 4969
Personal name Ahmad, Iqbaluddin
942 ## - ADDED ENTRY ELEMENTS (KOHA)
Source of classification or shelving scheme Dewey Decimal Classification
Koha item type Books
Holdings
Withdrawn status Lost status Source of classification or shelving scheme Damaged status Not for loan Collection code Home library Current library Shelving location Date acquired Source of acquisition Serial Enumeration / chronology Total Checkouts Full call number Barcode Date last seen Copy number Price effective from Koha item type
    Dewey Decimal Classification     Non-fiction Asiatic Society Library Asiatic Society Library General Stacks 10/13/2021 ASB Library Collection U-0237   297.0902 TAR 112571 10/13/2021 C-1 10/13/2021 Books

Powered by Koha